Algunas contradicciones en las ideas ilustradas de José Cadolso

Wedi'i Gadw mewn:
Manylion Llyfryddiaeth
Prif Awdur: López Castaño, Oscar
Fformat: Anhysbys
Cyhoeddwyd: Colombia: Universidad de Medellín,
Pynciau:
Tagiau: Ychwanegu Tag
Dim Tagiau, Byddwch y cyntaf i dagio'r cofnod hwn!

MARC

LEADER 000000000a22000000004500
001 000121
100 1 |a López Castaño, Oscar 
245 1 0 |a Algunas contradicciones en las ideas ilustradas de José Cadolso 
260 |a Colombia:   |b Universidad de Medellín, 
310 |a semestral 
650 4 |a CADALSO, JOSE 
650 4 |a CARTAS MARRUECAS 
650 4 |a CRITICA LITERARIA 
773 0 |t Con-Textos: Revista de Semiótica Literaria 
773 0 |g 3 
773 0 |g 19 
773 0 |g 1977 
773 0 |g 25-40 
999 |c 902  |d 902